Interactive grid-access using GridSolve and Giggle

Bibliographic Details
Main Authors: Hardt, Marcus (Author), Dongarra, J. (Author), Seymour, K. (Author), Zapf, M. (Author), Ruiter, N. V. (Author)
Format: Article
Language:Slovak
English
PhysicalDescription:Fotogr., sch., grafy, mp.
ISSN:1335-9150
Subjects:

MARC

LEADER 00000nab a2200000 a 4500
001 vtls009294538
003 SK-MaSNL
005 20260304164011.0
008 250507c2008 xo |||||||||||000 b|slo
015 |a SNBRB2008/05  |2 snkbucl 
035 |a (uuid)d63ab397-ae27-4c52-b64c-c92b2f14d56b 
035 |a urn:nbn:sk:snk-ab12fx 
035 |a (urnnbn)urn:nbn:sk:snk:ar-a048q5 
038 |a SNKBUCL 
040 |a SNKBUCL  |b slo  |c SNKBUCL  |e AACR2 
041 0 |a eng 
044 |a xo  |c SK 
080 |a 004.75.032.24.031.42:001  |x (4)  |2 2001 
080 |a 004.031.42  |2 2001 
080 |a 001:004  |2 2001 
245 0 0 |a Interactive grid-access using GridSolve and Giggle  |c M. Hardt ... [et al.] 
300 |b Fotogr., sch., grafy, mp. 
500 |a Biogr. údaje 
504 |a Bibliogr. odkazy 
546 |a Res. angl. 
610 2 7 |a Interaktívny európsky grid (projekt)  |2 snkbucl  |9 1490297 
650 0 7 |a grid computing  |2 snkbucl  |9 406397 
650 0 7 |a interaktívne systémy  |2 SNKPH  |9 49740 
650 0 7 |a elektronická veda  |2 snkbucl  |9 1476878 
650 0 7 |a paralelné spracovanie dát  |2 snkbucl  |9 1224704 
700 1 |a Hardt, Marcus  |4 aut  |9 1492013 
700 1 |a Dongarra, J.  |4 aut  |9 1492014 
700 1 |a Seymour, K.  |4 aut  |9 1492015 
700 1 |a Zapf, M.  |4 aut  |9 803925 
700 1 |a Ruiter, N. V.  |4 aut  |9 1492016 
773 0 |t Computing and informatics  |g Vol. 27, no. 2 (2008), p. 233-248  |x 1335-9150 
850 |a Slovenská národná knižnica 
852 |a Slovenská národná knižnica 
958 |a article27 
958 |a NB 
958 |a OND 
958 |a EUIPO 
999 |c 2979367  |d 2981297